000 00703nam a2200193 a 4500
003 0
005 20250324102439.0
008 071126s19uu xx 00 eng d
050 _aPHS TX 361.A8
_b.On58 2007
100 _aOno, Mari G.
245 _aEffects of mealtime habits on academic performance /
_cMari G. Ono.
260 _aLas PiƱas City, Philippines :
_bSouthville International School and Colleges,
_c2007.
300 _a22 pages :
_billustrations ;
_c28 cm.
504 _aIncludes bibliographical references.
650 _aFood habits
_xPsychological aspects.
650 _aAcademic achievement
_xNutritional aspects.
650 _aNutrition
_xEffect on learning ability.
942 _2lcc
_cPASS
999 _c97868
_d97868